000 00357nam a22001577a 4500
003 MPLRDC
005 20220104143139.0
008 210129b ||||| |||| 00| 0 eng d
082 _a857.45 WH
100 _a王华编
245 _a宋人创作小说选
_c
260 _a
_b新月出版社
_c1960
300 _b
650 _a
942 _cBK
_o857.45 WH
999 _c37084
_d37074